| 000 | 00338cam a2200145ua 4500 | ||
|---|---|---|---|
| 020 | _a8180140442 | ||
| 082 |
_a630 _bSAH/EL |
||
| 100 | _aSahay, Jagdishwar. | ||
| 245 | _aElements of Agricultural engineering | ||
| 250 | _a4. | ||
| 260 |
_aNew Delhi _bStandard Book House _c2010 |
||
| 300 | _a460. | ||
| 650 | _aAgriculture | ||
| 942 | _cBK | ||
| 999 |
_c13590 _d13590 |
||